Borussia Dortmund- Tous les joueurs de 2010 à 2025 - Statistiques

Statistiques générales
  • Ce quiz a été pris 564 fois
    62 depuis la dernière actualisation
  • Le résultat moyen est 56 sur 145
Statistiques - réponses
Saisons Nationalité Joueur Nombre
De Matchs
Poste % Correct
2007 - 20162019 - 2024 Allemagne MatsHummels 508 D
100%
2012 - 2024 Allemagne MarcoReus 428 M
96%
2013 - 2018 Gabon Pierre - EmerickAubameyang 213 A
93%
2010 - 2014 Pologne RobertLewandowski 187 A
91%
2021 - Suisse GregorKobel 163 G
87%
2024 - Guinée SerhouGuirassy 45 A
87%
2019 - Allemagne EmreCan 203 M
82%
2019 - 2022 Norvège ErlingHaaland 89 A
80%
2009 - 20132016 - 2020 Allemagne MarioGotze 219 M
80%
2020 - 2023 Angleterre JudeBellingham 132 M
78%
2015 - 2019 États - Unis ChristianPulisic 127 M/A
76%
2017 - 20212023 - 2024 Angleterre JadonSancho 157 M/A
76%
2023 - Algérie RamyBensebaini 69 D
76%
2016 - 2023 Portugal RaphaelGuerreiro 224 D
76%
2015 - 2022 Suisse RomanBurki 233 G
76%
2002 - 2018 Allemagne RomanWeidenfeller 453 G
76%
2019 - 2023 Belgique ThorganHazard 122 A
76%
2013 - 2016 Arménie HenrikhMkhitaryan 140 M
73%
2022 - Allemagne NiklasSule 93 D
73%
2018 - 2022 Belgique AxelWitsel 145 D/M
71%
2019 - Allemagne JulianBrandt 260 M
71%
2010 - 20122014 - 2019 Japon ShinjiKagawa 216 M
71%
2023 - Autriche MarcelSabitzer 78 M
69%
2016 - 2017 France OusmaneDembélé 50 A
69%
2022 - Allemagne KarimAdeyemi 101 A
67%
2010 - 2021 Pologne LukaszPiszczek 382 D
64%
2008 - 2020 Allemagne MarcelSchmelzer 367 D
64%
2022 - Allemagne NicoSchlotterbeck 123 D
62%
2018 - 2021 Danemark ThomasDelaney 88 M
62%
2011 - 2016 Allemagne IlkayGundogan 157 M
60%
2008 - 2018 Serbie Neven Subotic 263 D
60%
2018 - 2020 Espagne PacoAlcácer 47 A
60%
2017 - 2022 France Dan - AxelZagadou 92 D
58%
2021 - 2025 Pays - Bas DonyellMalen 132 A
58%
2022 - Norvège JulianRyerson 95 D
58%
2020 - 2023 Belgique ThomasMeunier 75 D
58%
2018 - 2020 Maroc AchrafHakimi 73 D
56%
2014 - 2015 Italie CiroImmobile 34 A
56%
2019 - 2025 États - Unis GiovanniReyna 146 M
56%
2007 - 2015 Pologne JakubBlaszczykowski 253 M/A
56%
2017 - 2023 Syrie MahmoudDahoud 141 M
56%
2005 - 20072008 - 2011
2012 - 2018
Turquie NuriSahin 274 M
56%
2022 - 2024 Cote D'Ivoire SébastienHaller 40 A
56%
2017 - 2022 Suisse ManuelAkanji 158 D
53%
2022 - Turquie SalihOzcan 96 M
53%
2009 - 2017 Allemagne SvenBender 224 D/M
53%
2024 - Brésil YanCouto 30 D
53%
2016 - 2017 Turquie EmreMor 19 A
51%
2021 - 2025 Angleterre JamieBynoe - Gittens 105 A
51%
2018 - 2022 Suisse MarwinHitz 46 G
51%
2017 - 2019 Turquie OmerToprak 51 D
51%
2013 - 2018 Grèce SokratisPapastathopoulos 198 D
51%
2008 - 2013 Brésil FelipeSantana 113 D
49%
2024 - Allemagne PascalGross 45 M
49%
2024 - Suède DanielSvensson 16 D
47%
2023 - Allemagne FelixNmecha 65 M
47%
2018 - 2019 Sénégal AbdouDiallo 38 D
44%
2017 - 2018 Ukraine AndriyYarmolenko 26 A
44%
2011 - 2013 Croatie IvanPerisic 64 M
44%
2009 - 2015 Allemagne KevinGrosskreutz 236 D/M
42%
2018 - 20192021 - 2024 Allemagne MariusWolf 121 D/A
42%
2023 - 2024 Allemagne NiclasFullkrug 45 A
42%
2001 - 2015 Allemagne SebastianKehl 362 M
42%
2016 - 2019 Suède AlexanderIsak 13 A
40%
2022 - 2023 France AnthonyModeste 28 A
40%
1998 - 2011 Brésil Dede 398 D
40%
2015 - 2020 Allemagne JulianWeigl 171 M
40%
2024 - Allemagne MaximilianBeier 43 A
40%
2024 - Allemagne WaldemarAnton 37 D
40%
2016 - 2018 Allemagne AndréSchurrle 51 A
38%
2009 - 2012 Paraguay LucasBarrios 102 A
38%
2016 - 2018 Espagne MarcBartra 51 D
38%
2014 - 2017 Colombie AdrianRamos 79 A
36%
2023 - 2024 Pays - Bas IanMaatsen 22 D
36%
2022 - Belgique JulienDuranville 25 A
36%
2019 - 2024 Espagne MateuMorey 32 D
36%
2020 - 2022 Brésil Reinier 39 M
36%
2022 - Allemagne AlexanderMeyer 24 G
33%
2015 - 2018 Allemagne GonzaloCastro 111 M
33%
2010 - 2015 Australie MitchellLangerak 35 G
33%
2008 - 2012 Égypte MohamedZidan 73 A
33%
2020 - 2024 Allemagne YoussoufaMoukoko 99 A
31%
2013 - 2018 Allemagne ErikDurm 97 D
29%
2014 - 2015 Slovénie KevinKampl 19 M
29%
2014 - 2017 Allemagne MatthiasGinter 102 D
29%
2019 - 2023 Allemagne NicoSchulz 61 D/M
29%
2016 - 2019 Allemagne SebastianRode 22 M
29%
2015 - 20182020 - 2023 Allemagne FelixPasslack 55 D/M
27%
2016 - 2020 Danemark JacobBruun Larsen 41 A
27%
2015 - 2017 CoréeDu Sud Ju - HoPark 11 D
27%
2017 - 2018 Belgique MichyBatshuayi 14 A
27%
2011 - 2013 2015 - 2016 Allemagne MoritzLeitner 67 M
27%
2024 - Angleterre CarneyChukwuemeka 13 M
24%
2018 - 2020 Argentine LeonardoBalerdi 8 D
24%
2021 - 2022 Croatie MarinPongracic 23 D
24%
2015 - 2016 Belgique AdnanJanuzaj 12 A
22%
2010 - 2012 Brésil AntonioDa Silva 33 M
22%
2021 - 2024 Allemagne AntoniosPapadopoulos 8 D
22%
2016 - 2017 Espagne MikelMerino 9 M
22%
2017 - 2019 Espagne SergioGómez 3 D
22%
2012 - 2014 Allemagne JulianSchieber 57 A
20%
2017 - 2019 Allemagne MaximilianPhilipp 51 A
20%
2017 - 2019 Allemagne JeremyToljan 23 D
18%
2013 - 2015 Serbie MilosJojic 29 M
18%
2021 - 2023 France SoumailaCoulibaly 2 D
18%
2024 - Allemagne AlmugeraKabar 5 D
16%
2012 - 2016 Allemagne JonasHofmann 59 M
16%
2008 - 2013 Allemagne PatrickOwomoyela 84 D
16%
2020 - 2022 Allemagne AnsgarKnauff 16 M/A
13%
2021 - 2022 Pays - Bas ImmanuelPherai 1 M
13%
2013 - 2014 Allemagne MarianSarr 3 D
13%
2020 - 2022 Allemagne SteffenTigges 23 A
13%
2024 - Etats - Unis ColeCampbell 6 A
11%
2014 - 2015 Tunisie JeremyDudziak 3 M
11%
2023 - 2025 Allemagne KjellWatjen 4 M
11%
2012 - 2013 Allemagne LeonardoBittencourt 7 M
11%
2013 - 2014 Allemagne MarvinDucksch 8 A
11%
2012 - 2015 Allemagne OliverKirch 30 M
11%
2016 - 2017 Allemagne DzenisBurnic 2 M
9%
2004 - 20092010 - 2012 Allemagne FlorianKringe 171 M
9%
2023 - 2024 Allemagne HendryBlank 1 D
9%
2014 - 2015 États - Unis JoeGyau 1 A
9%
2021 - 2022 États - Unis LennardMaloney 2 D
9%
2023 - 2024 Allemagne SamuelBamba 2 A
9%
2021 - 2023 Allemagne TomRothe 7 D
9%
2012 - 2013 Hongrie BálintBajner 1 A
7%
2009 - 2011 France DamienLe Tallec 8 M
7%
2009 - 2011 Bulgarie DimitarRangelov 14 A
7%
2022 - 2023 Allemagne JustinNjinmah 1 A
7%
2013 - 2014 Allemagne KorayGunter 1 D
7%
2013 - 2014 Allemagne ManuelFriedrich 15 D
7%
2021 - 2023 Croatie MarcoPasalic 2 M
7%
2015 - 2016 Allemagne PascalStenzel 1 D
7%
2019 - 2020 Allemagne TobiasRaschl 1 M
7%
2024 - Maroc AymanAzhil 2 M
4%
2018 - 2020 Allemagne EricOelschlagel 1 G
4%
2017 - 2018 Allemagne Jan - NiklasBeste 1 A
4%
2024 - Pays - Bas JordiPaulina 1 A
4%
2021 - 2024 Allemagne LionSemic 1 D
4%
2014 - 2015 Japon MitsuruMaruoka 1 M
4%
2023 - 2024 Allemagne OlePohlmann 2 M
4%
2024 - 2025 Allemagne YannikLuhrs 3 D
4%
2011 - 2012 Allemagne ChrisLowe 11 D
2%
2009 - 2011 Allemagne MarcoStiepermann 7 M
2%
2009 - 2011 Allemagne MarkusFeulner 20 M
2%
Aucun quiz correspondant
Distribution des résultats
% des personnes avec chaque résultat
Percentile par nombre de réponses
Votre historique - résultats
Vous n’avez pas pris ce quiz depuis la dernière actualisation